000 00404nam a22001217a 4500
999 _c1541
_d1541
005 20200901134927.0
008 200901b ||||| |||| 00| 0 eng d
020 _a15709
040 _cCML
245 _aPattern and Power of Mathematics 1.
_cMoakes, A.J., Croome, P.D., Phillips, T.C.
260 _aBasingstoke
_bMacmillan Education Limited
_c1967
942 _2ddc
_cBK
_e1st Edition
_h510
_mMOA